VLSI design : VIIth semester (E and C) VTU (Record no. 191271)

MARC details
000 -LEADER
fixed length control field 00394nam a2200157Ia 4500
008 - FIXED-LENGTH DATA ELEMENTS--GENERAL INFORMATION
fixed length control field 231217s9999 xx 000 0 und d
041 ## - LANGUAGE CODE
Language code of text/sound track or separate title English
082 ## - DEWEY DECIMAL CLASSIFICATION NUMBER
Classification number 621.38173 NAR;1 R
100 ## - MAIN ENTRY--PERSONAL NAME
Personal name Narayan, C P.
245 #0 - TITLE STATEMENT
Title VLSI design : VIIth semester (E and C) VTU
250 ## - EDITION STATEMENT
Edition statement 1st ed.
260 ## - PUBLICATION, DISTRIBUTION, ETC.
Date of publication, distribution, etc. 2002
Name of publisher, distributor, etc. Technical
Place of publication, distribution, etc. Pune
300 ## - PHYSICAL DESCRIPTION
Extent viii, 236
650 ## - SUBJECT ADDED ENTRY--TOPICAL TERM
Topical term or geographic name entry element VIIth,(E,C)
942 ## - ADDED ENTRY ELEMENTS (KOHA)
Koha item type Books
Holdings
Date last seen Total checkouts Full call number Accession number Uniform resource identifier Price effective from Category Lost status Damaged status Department Withdrawn status Home library Current library Shelving location Entry date Grants Billdate Currency symbol Conversion rate Discount Old discount
26/01/2024   621.38173 NAR;1 R 76729 digital/contents/76729.pdf 26/01/2024 Books     Central Library   Central Library Central Library Central Library 10/01/2011 DONATED 15/07/2015 RS 1    

© For any Suggestions or Query, please contact the library staff @ librarian@pes.edu or Phone: +9180 2672 1983/ 2108.